1557 1257 1749 1399 1714 1608 1208 1784 1042 1409 1019 1643 1278 1628 1055 1052 1372 1985 1573 1364 1914 1465 1898 1583 1818 1696 1231 1490 1867 1215 1693 1535 1577 1185 1904 1436 1521 1940 1150 1359 1514 1805 1393 1256 1413 1181 1738 1170 1236 1464 1906 1957 1801 1846 1418 1920 1259 1678 1018 1912 1405 1537 1810 1457 1063 1184 1821 1396 1037 1574 1446 1387 1216 1356 2000 1666 1361 1547 1911 1216 1926 1943 1542 1369 1580 1034 1435 1730 1487 1887 1354 1891 1755 1887 1441 1639 1503 1113 1920 BCNSPRNW ULIB Ver.6.0+V

เปลี่ยนเป็นภาษาไทย

Change to English
 แสดงรายละเอียดบรรณานุกรม
  กลับหน้าหลัก

Brief Record : Get Marc (ISO 2709) : E-mail record : QR code < ปิดหน้าต่าง
LEADER : 00000nam 2200000uu 4500
001    13399121713
003     ULIB
008    121130s||||||||th 000 0 tha d
020    ^a9749751027
060 04 ^aWD300^bล145ภ 2549
100 0  ^aลลิตา ธีระสิริ
245 10 ^aภูมิแพ้ในเด็กรักษาเองได้ /^cลลิตา ธีระสิริ ; บรรณาธิการ,ธนาภร โรจนทัพพะ
250    ^aพิมพ์ครั้งที่ 1
260    ^aกรุงเทพฯ :^bรวมทรรศน์,^c2549
300    ^a136 หน้า :^bภาพประกอบ ;^c21 ซม. +^eซีดีรอม 1 แผ่น
440  0 ^aชุดธรรมชาติบำบัดและรักษาตนเอง
650  7 ^aภูมิแพ้^xในวัยทารกและวัยเด็ก
650  7 ^aเด็ก^xโรค
700 0  ^aธนาภร โรจนทัพพะ,^eบรรณาธิการ
945    ^p164^l0^i14148
995    ^aกัณชพร
999 ^a ใช้งานได้ทุกระบบ
รายการนี้ยังไม่มีแท็ก
คุณยังไม่ได้ล็อกอิน คุณสามารถมีกิจกรรมร่วมกับเว็บไซต์ได้ แต่ต้องล็อกอินก่อน ::
  ล็อกอิน

รายการสื่อสารสนเทศ

ลำดับที่ ประเภท เลขเรียก/บาร์โค้ด สถานที่ สถานะ
1. วิทยาศาสตร์การแพทย์ และสุขภาพ
วิทยาศาสตร์การแพทย์ และสุขภาพ
WD300 ล145ภ 2549  
  Barcode: 14148
ห้องสมุดวิทยาเขตสวรรค์ประชารักษ์
►หนังสือทั่วไป
บนชั้น

รายการใกล้เคียง
    ผู้แต่ง [ลลิตา ธีระสิริ]

BibComment


ยังไม่เคยถูกคอมเมนท์

คอมเมนท์ทรัพยากรรายการนี้
  คอมเมนท์: ภูมิแพ้ในเด็กรัก..


 Copyright 2026. Bcnsprnw @Library